Normal view
MARC view
Entry Personal Name
001 - CONTROL NUMBER
- control field: 14435
003 - CONTROL NUMBER IDENTIFIER
- control field: BD-RjUL
005 - DATE AND TIME OF LATEST TRANSACTION
- control field: 20241126105004.0
008 - FIXED-LENGTH DATA ELEMENTS
- fixed length control field: 241126|| aca||aabn | a|a d
040 ## - CATALOGING SOURCE
- Original cataloging agency: BD-RjUL
- Transcribing agency: BD-RjUL
100 ## - HEADING--PERSONAL NAME
- Personal name: Saha, Monika Rani
670 ## - SOURCE DATA FOUND
- Source citation: Work cat.: (BD-RjUL)84371: Saha, Monika Rani, Current Profile of Antibiotic Resistance in Uropathogenic Bacteria and Preventive Strategy of Catheter Associated Urinary Trat Infection /, 2023